000 00440nam a2200157Ia 4500
008 241217s9999||||xx |||||||||||||| ||und||
020 _a9780415171434
_c68.4
040 _beng
_cSSK Library
_erda
082 _a320.9595 MIL
100 _a R.S Milne & Diane K. Mauzy
245 0 _aMalaysian Politics Under Mahathir
260 _b Routledge
_c©1999
942 _2Dewey Decimal Classification
_cBOOK
_nNo
999 _c24393
_d24393
003 OSt
005 20241217112926.0